| 000 | 00817nam a22002657a 4500 | ||
|---|---|---|---|
| 001 | BR8800661 | ||
| 003 | BR-BrBNA | ||
| 005 | 20230928092835.0 | ||
| 007 | ta | ||
| 008 | 230509b bl.||||| |||| 00| 0 por d | ||
| 040 |
_aBR-BrBNA _bpor _cBiblioteca Nacional de Agricultura |
||
| 041 | _a(Por) | ||
| 072 |
_aF30 _b0336 |
||
| 090 | _ 0336 BR8800661 | ||
| 110 | 1 |
_aInstituto de Pesquisas Agronomicas, Porto Alegre, RS (Brasil) _96134 |
|
| 111 | 1 |
_a15. Reuniao de Pesquisa de Soja da Regiao Sul _cCruz Alta, RS (Brazil) _d10-13 Aug 1987 |
|
| 245 | 1 | _aResultados de pesquisa. 1986-87 [soja] | |
| 260 | 3 |
_aPorto Alegre, RS (Brasil): _c1987. |
|
| 300 | _a201 p. | ||
| 650 | _aSOJA | ||
| 650 | _aCOMPORTAMENTO DE VARIEDADE | ||
| 650 | _aVARIEDADE RESISTENTE | ||
| 909 |
_a202309 _bLucia _c55 _dLucia Elande |
||
| 942 | _cBK | ||
| 999 |
_c41505 _d41505 |
||